Ernesto Renán / (Record no. 50709)

MARC details
000 -LEADER
campo de control de longitud fija 00477nam a2200157 i 4500
001 - NÚMERO DE CONTROL
campo de control 50709
003 - IDENTIFICADOR DE NÚMERO DE CONTROL
campo de control ES-MaACL
007 - CAMPO FIJO DE DESCRIPCIÓN FÍSICA--INFORMACIÓN GENERAL
campo de control de longitud fija t|
008 - DATOS DE LONGITUD FIJA--INFORMACIÓN GENERAL
campo de control de longitud fija 030806s1954 it ||||1| ita d
100 1# - ENTRADA PRINCIPAL--NOMBRE DE PERSONA
Nombre de persona Chaix-Ruy, Jules.
9 (RLIN) 37807
245 10 - MENCIÓN DEL TÍTULO
Título Ernesto Renán /
Mención de responsabilidad, etc. Jules Chaix-Ruy ; [traduzione dal francese di Elvira Cassa Salvi].
260 ## - PUBLICACIÓN, DISTRIBUCIÓN, ETC.
Lugar de publicación, distribución, etc. [Brescia] :
Nombre del editor, distribuidor, etc. Morcelliana,
Fecha de publicación, distribución, etc. 1954.
300 ## - DESCRIPCIÓN FÍSICA
Extensión 498 p. ;
Dimensiones 20 cm.
700 1# - ENTRADA AGREGADA--NOMBRE PERSONAL
Nombre de persona Cassa Salvi, Elvira.
9 (RLIN) 36337
852 ## - LOCALIZACIÓN
Ubicación ES-MaACL
Número de control de estantería C-9673
Sublocalización o colección R.38013
Holdings
Estatus retirado Estado de pérdida Estado de daño No para préstamo Biblioteca de origen Biblioteca actual Ubicación en estantería Fecha de adquisición Fuente de adquisición Total de préstamos Signatura topográfica completa Código de barras Visto por última vez Precio de reemplazo Tipo de ítem Koha
        Biblioteca del Ateneo de Madrid Biblioteca del Ateneo de Madrid Sala Palomar 17/01/2008     C-9673 1053334 23/02/2023 23/02/2023 Libro impreso